<The> Simulation of Complex Economic System
Problém modelovania ekonomických systémov. Multi-agent simulátor. Cieľ takýchto modelov.
Salvato in:
| Autore principale: | |
|---|---|
| Altri autori: | , , |
| Natura: | Capitolo di libro |
| Lingua: | inglese |
| Soggetti: | |
| Tags: |
Nessun Tag, puoi essere il primo ad aggiungerne!!
|
MARC
| LEADER | 00000naa$a2200000$$$4500 | ||
|---|---|---|---|
| 001 | 0091977 | ||
| 005 | 20240502083233.8 | ||
| 041 | 0 | |a eng | |
| 044 | |a RS | ||
| 245 | 1 | 0 | |a <The> Simulation of Complex Economic System |c Ľudovít Pinda, Branislav Mišota, Ľuboš Horka, Marián Stenchlák |
| 520 | |a Problém modelovania ekonomických systémov. Multi-agent simulátor. Cieľ takýchto modelov. | ||
| 610 | 2 | 0 | |a systémy ekonomické |
| 610 | 2 | 0 | |a modelovanie |
| 610 | 2 | 0 | |a modely simulačné |
| 100 | 1 | |a Pinda, Ľudovít, 1958- | |
| 700 | 1 | |a Mišota, Branislav | |
| 700 | 1 | |a Horka, Ľuboš | |
| 700 | 1 | |a Stenchlák, Marián | |